Pokémon en images aléatoires - D - Statistiques

Statistiques générales
  • Ce quiz a été pris 109 fois
  • Le résultat moyen est 13 sur 16
Statistiques - réponses
Par images Réponse % Correct
Dialga
100%
Draco
100%
Dracolosse
100%
Dracaufeu
97%
Deoxys
94%
Démolosse
93%
Dodrio
91%
Dynavolt
91%
Doduo
90%
Drattak
89%
Démétéros
87%
Dardargnan
85%
Darumacho
84%
Dedenne
83%
Dinoclier
82%
Draby
82%
Darkrai
81%
Démanta
81%
Donphan
79%
Dimoret
78%
Doudouvet
76%
Darumarond
75%
Déflaisan
74%
Drakkarmin
74%
Debugant
73%
Drackhaus
71%
Denticrisse
67%
Drascore
67%
Dodoala
66%
Delcatty
64%
Dragmara
64%
Desséliande
62%
Draïeul
62%
Diancie
61%
Dimoclès
59%
Diamat
55%
Aucun quiz correspondant
Distribution des résultats
% des personnes avec chaque résultat
Percentile par nombre de réponses
Votre historique - résultats
Vous n’avez pas pris ce quiz